Pokemon With Two Four-Times Weaknesses - Statistics

General Stats
  • This quiz has been taken 43 times
    21 since last reset
  • The average score is 27 of 35
Answer Stats
4x Weaknesses Type 1 Type 2 Pokemon % Correct
Water & Grass Rock Ground Geodude
94%
Water & Grass Rock Ground Golem
94%
Water & Grass Rock Ground Graveler
94%
Fire & Flying Bug Grass Leavanny
94%
Water & Grass Rock Ground Rhydon
94%
Water & Grass Rock Ground Rhyhorn
94%
Water & Grass Rock Ground Rhyperior
94%
Fighting & Ground Steel Rock Aggron
89%
Fighting & Ground Steel Rock Aron
89%
Fighting & Ground Steel Rock Lairon
89%
Ground & Water Rock Fire Magcargo
89%
Water & Grass Rock Ground Onix
89%
Fire & Flying Bug Grass Paras
89%
Fire & Flying Bug Grass Parasect
89%
Fire & Flying Bug Grass Sewaddle
89%
Fire & Flying Bug Grass Swadloon
89%
Fire & Rock Ice Bug Frosmoth
83%
Fire & Fighting Ice Steel Sandshrew (Alolan)
83%
Fire & Fighting Ice Steel Sandslash (Alolan)
83%
Fire & Rock Ice Bug Snom
83%
Steel & Fighting Ice Rock Amaura
78%
Dark & Ghost Psychic Ghost Hoopa
78%
Steel & Fighting Ice Rock Aurorus
72%
Fighting & Ground Steel Rock Bastiodon
72%
Fighting & Ground Steel Rock Shieldon
72%
Steel & Fighting Ice Rock Avalugg (Hisuian)
67%
Ground & Water Rock Fire Carkol
67%
Ground & Water Rock Fire Coalossal
67%
Dark & Ghost Psychic Ghost Lunala
67%
Water & Grass Rock Gound Larvitar
56%
Fighting & Ground Steel Rock Probopass
56%
Water & Grass Rock Ground Pupitar
56%
Fire & Flying Bug Grass Wormadam
56%
Dark & Ghost Psychic Ghost Calyrex (Shadow Rider)
44%
Fighting & Ground Steel Rock Stakataka
39%
No matching quizzes found
Score Distribution
Percent of People with Each Score
Percentile by Number Answered
Your Score History
You have not taken this quiz since the last reset